banner koha

Placement of vertebral screws for spinal stabilization and distraction in a dog with discassociate cervical spondylomyelopathy: case report (Registro n. 327812)

MARC details
000 -LÍDER
fixed length control field 03624nab a2200337 i 4500
003 - CÓDIGO MARC DA AGÊNCIA CATALOGADORA
Campo de controle BR-BrBNA
005 - DATA E HORA DA ÚLTIMA ATUALIZAÇÃO
Campo de controle 20240925113534.0
008 - CAMPO DE TAMANHO FIXO
fixed length control field 240925b2018 bl.|r|pooa||| 00| 0 eng |
040 ## - FONTE DA CATALOGAÇÃO
Agência catalogadora BR-BrBNA
Idioma da catalogação eng
072 ## - CATEGORIA AGRIS
Código AGRIS L70
Código do objeto 5400
072 ## - CATEGORIA AGRIS
Código AGRIS L74
100 ## - ENTRADA PRINCIPAL - NOME PESSOAL
Nome pessoal Marinho, P.V.T.
100 ## - ENTRADA PRINCIPAL - NOME PESSOAL
Nome pessoal Macedo, A.S.
100 ## - ENTRADA PRINCIPAL - NOME PESSOAL
Nome pessoal Ferrigno, C.R.A.
100 ## - ENTRADA PRINCIPAL - NOME PESSOAL
Nome pessoal Dal-Bó, I.S.
100 ## - ENTRADA PRINCIPAL - NOME PESSOAL
Nome pessoal Paes, F.
100 ## - ENTRADA PRINCIPAL - NOME PESSOAL
Nome pessoal Bregadioli, T.
245 ## - TÍTULO PRINCIPAL
Título principal Placement of vertebral screws for spinal stabilization and distraction in a dog with discassociate cervical spondylomyelopathy: case report
500 ## - NOTA GERAL
Nota geral Publicação online; 12 ref.; 4 illus.; Summaries (En, Pt)
942 ## - ADDED ENTRY ELEMENTS (KOHA)
Koha item type Analítica
520 ## - NOTA DE RESUMO
Nota de conteúdo <br/><br/>ABSTRACT - A 10-year-old male Rottweiler was evaluated for a 2-month history of recurrent forelimb weakness. Neurologic examination revealed proprioceptive ataxia, tetraparesis and moderate cervical pain. Diskassociated cervical spondylomyelopathy (CSM) with static lesion at C3-4 was diagnosed based on magnetic resonance imaging (MRI). The dog was surgically treated by a ventral slot procedure and distraction-stabilization of the vertebral bodies through insertion of vertebral screws with transverse connective bars. The patient had favorable clinical outcome. Neurologic assessment performed 120 days after surgery showed absence of neurologic defects. Radiographic assessment performed at the same time indicated adequate spinal cord decompression although vertebral fusion was not achieved. To the authors’ knowledge, this is the first case of distraction-stabilization with vertebral (pedicle) screws to treat CSM in a dog. The treatment was well tolerated with no complications and excellent outcome and can be a viable option for this condition.<br/><br/><br/>Keywords: nervous system, spinal cord, stabilization, canine
520 ## - NOTA DE RESUMO
Nota de conteúdo <br/><br/>RESUMO - Um cão, macho, adulto, Rotweiller de 10 anos de idade, foi atendido com histórico de claudicação do membro torácico esquerdo com evolução para fraqueza havia aproximadamente dois meses. Ao exame neurológico, observou-se ataxia proprioceptiva nos quatro membros e dor cervical moderada. Mediante ressonância magnética, espondilomielopatia cervical disco-associada com a característica estática da compressão C3-C4 foi diagnosticada. Realizou-se cirurgia descompressiva por meio de slot ventral e estabilização-distração com o uso de parafusos vertebrais e barras conectoras. O paciente apresentou evolução clínica favorável do quadro. A evolução foi progressiva e, no último retorno, 120 dias após a cirurgia, não apresentou nenhum déficit neurológico ou sinal de falha do implante nas imagens radiográficas; no entanto, não foi evidenciada fusão vertebral. Pelo conhecimento dos autores, esse é o primeiro relato de EMC disco-associada tratada por distração e estabilização com parafusos vertebrais (pediculares) em um cão. A fixação espinhal por meio do uso de parafusos vertebrais foi uma alternativa viável no caso apresentado.<br/><br/><br/>Palavras-chave: sistema nervoso, medula espinhal, estabilização, canino
650 ## - ASSUNTO - THESAGRO
Cabeçalho tópico ou nome geográfico CÃO
650 ## - ASSUNTO - THESAGRO
Cabeçalho tópico ou nome geográfico DISTÚRBIO FISIOLÓGICO
650 ## - ASSUNTO - THESAGRO
Cabeçalho tópico ou nome geográfico CIRURGIA
650 ## - ASSUNTO - THESAGRO
Cabeçalho tópico ou nome geográfico SISTEMA NERVOSO
650 ## - ASSUNTO - THESAGRO
Cabeçalho tópico ou nome geográfico MEDULA ESPINAL
773 0# - ENTRADA ANALÍTICA
Host Biblionumber 1643
Registro do item 344677
Imprenta Belo Horizonte-MG Universidade Federal de Minas Gerais - Escola de Veterinaria 1983
Outro identificador 2024-5011
Título Arquivo Brasileiro de Medicina Veterinária e Zootecnia (Brazil)
ISSN 0102-0935
Colação v. 70(5) p. 1427-1432; (2018)
Número de controle de registro BR2024002707
856 ## - ACESSO E ENDEREÇO ELETRÔNICO
Identificador uniforme de recurso - URI https://www.scielo.br/j/abmvz/a/nVmzSs48QP7RxmXHkhLNZ5D/?format=pdf&lang=en

Nenhum exemplar disponível.

BINAGRI

Telefone: (61)3218-2567/2388/3357/2097 - binagri@agro.gov.br

Ministério da Agricultura e Pecuária , Esplanada dos Ministérios, Bloco D, Anexo B, Brasília/DF, CEP: 70.043-900